000 01167cam a2200289 a 4500
999 _c2743
_d2743
001 12719314
003 GBCCL
005 20241126110438.0
008 020326r20031986cou b 000 0 eng
010 _a 2002004797
020 _a0781438160
040 _aDLC
_cDLC
_dDLC
050 0 0 _aBS600.3
_b.F56 2003
082 0 0 _a220.071
_221
_bFIN
100 1 _aFinzel, Hans.
_95799
245 1 0 _aUnlocking the Scriptures :
_bthree steps to personal Bible study /
_cHans Finzel.
260 _aColorado Springs, Colo. :
_bVictor,
_c1986.
300 _a144 p. ;
_c22 cm.
500 _aOriginally published: Wheaton, Ill. : Scripture Press Publications, 1986.
504 _aIncludes bibliographical references (p. 189-190).
630 0 0 _aBible
_xStudy and teaching.
_9498
856 4 2 _3Contributor biographical information
_uhttp://www.loc.gov/catdir/enhancements/fy0909/2002004797-b.html
856 4 2 _3Publisher description
_uhttp://www.loc.gov/catdir/enhancements/fy0909/2002004797-d.html
906 _a7
_bcbc
_corignew
_d1
_eecip
_f20
_gy-gencatlg
942 _2ddc
_cBK